banner-ar

مرجع العلوم الاكتوارية : الجزء الثانى الاحصاء الالكتوارى / (Record no. 66579)

MARC details
000 -الفاتح
حقل البيانات ثابتة الطول 00691nam a2200193Ia 4500
005 - وقت وتاريخ اخر تعامل مع التسجيلة
رقم الضبط 20240530110926.0
008 - عناصر البيانات ثابتة الطول - معلومات عامة
حقل البيانات ثابتة الطول 140319s9999 xx 000 0 ara d
040 ## - مصدر الفهرسة
وكالة الفهرسة الأصلية GCL /
وكالة النسخ GCL
082 04 - رقم تصنيف ديوى العشرى
رقم التصنيف 312
رقم المادة ن م
100 0# - المدخل الرئيسى - إسم شخصى
الإسم الشخصى ناشد محمود عبد السلام شحاتة
245 12 - بيان العنوان
العنوان مرجع العلوم الاكتوارية : الجزء الثانى الاحصاء الالكتوارى /
بيان المسئوليه,etc ناشد محمود عبد السلام شحاتة
260 ## - PUBLICATION, DISTRIBUTION, ETC. (IMPRINT)
تاريخ النشر أو التوزيع 1991
300 ## - الوصف المادى
التعداد 228 ص.
650 04 - المدخل الاضافى بالموضوع-مصطلح موضوعى
مصطلح موضوعي التأمين
650 04 - المدخل الاضافى بالموضوع-مصطلح موضوعى
مصطلح موضوعي الاحصائيات الحيوية
650 04 - المدخل الاضافى بالموضوع-مصطلح موضوعى
مصطلح موضوعي الاحصائيات
942 ## - عناصر المدخل الإضافي( كوها)
مصدر التصنيف او مخطط الترفيف Dewey Decimal Classification
Koha [default] item type كتاب
260 ## - PUBLICATION, DISTRIBUTION, ETC. (IMPRINT)
-- [S.N] :
-- دار النهضة العربية ،
Holdings
حالة التراجع حالة الفقد مصدر التصنيف او خطة الترفيف حالة تلف ليس للاعارة المكان المؤقت الموقع الحالى تاريخ الاكتساب اجمالي اﻻعارات رقم الطلب الباركود تاريخ اخر مشاهدة تاريخ تفعيل السعر نوع وعاء كوها
    ddc     مكتبة القاهرة الكبرى مكتبة القاهرة الكبرى 08/09/2022   312\ن م 168200 08/09/2022 08/09/2022 كتاب

Powered By

EGPV